000 00296nam a22001217a 4500
082 _a030
_bKNA/S-20
100 _aKNAPP,BRIAN
245 _aSCIENCE IN OUR WORLD : STARTING AND STOPPING
260 _aUK
_bATLANTIC EUROPE PUBLISHING
300 _a48
650 _aGENERAL KNOWLEDGE
_zUK
942 _cBK
999 _c1988
_d1988